000 00519cam a2200181 4500
001 D11823
008 090401t1978 xxu||||| |||| 00| 0 eng d
035 _a(Sirsi) u99776
041 _aeng
050 _a526.92
100 _aWilliams, B.B.
245 4 _aThe investigation of property boundary problems in the Greater London Council
260 _bRICS
_c1978
350 _a0
520 _aIn: RICS. Urban regeneration and the inner city, annual conference...1978. 1978/52 ABC
942 _n0
948 _c04/03/1997
999 _c99453
_d99453